Los paraísos artificiales /

Guardado en:
Detalles Bibliográficos
Autor principal: Nieto, Benigno S. (autor)
Formato: Libro
Idioma:Español
Publicado: Miami, EUA : Universal, 1997, c1997
Colección:(Caniquí)
Temas:
Etiquetas: Agrega una etiqueta
Sin etiquetas, Sé el primero en etiquetar este registro!

MARC

LEADER 00000nam^a2200000^a^4500
001 000154001
005 20250521000000.0
009 20260310100340.18
020 |a 0-89729-854-3 
037 |a Acervo ITESO - Biblioteca 
041 |a ESP 
082 |a 863.  |b NIE 
100 |a Nieto, Benigno S.  |e (autor) 
245 1 4 |a Los paraísos artificiales /  |c B.S. Nieto. 
264 4 |a Miami, EUA :  |b Universal,  |c 1997, c1997 
300 |a 484 p. 
336 |a texto  |b txt  |2 rdacontenido 
337 |a sin mediación  |b n  |2 rdamedio 
338 |a volumen  |b nc  |2 rdasoporte 
440 1 |a (Caniquí) 
649 |a XX 
650 |a Novela Cubana 
650 |a Literatura Cubana -  |y Siglo XX 
910 |a Fondo General 
920 |a Impresos - Libros 
930 |a Colección General 
940 |a Literatura 
905 |a 101 
901 |a 0500085840  |b IT1  |c LIT  |u 20250521 
902 |a https://opac.biblio.iteso.mx/vufind/Record/000154001